Vytvorenie www stránky, porovnanie poskytovateľov a stav na trhu bakalárska práca

Uložené v:
Podrobná bibliografia
Hlavný autor: Czibor, Attila
Korporativný autor: Fakulta podnikového manažmentu EU. Katedra informačného manažmentu
Ďalší autori: Hanák, Róbert, 1979-
Médium: Kniha
Jazyk:Slovak
Vydavateľské údaje: Bratislava 2009
Tagy: Pridať tag
Žiadne tagy, Buďte prvý, kto otaguje tento záznam!

MARC

LEADER 00000nam$a2200000$$$4500
001 0101289
005 20240320075542.4
041 0 |a slo 
044 |a SK 
245 1 0 |a Vytvorenie www stránky, porovnanie poskytovateľov a stav na trhu  |b bakalárska práca  |c Attila Czibor ; škol. Róbert Hanák 
264 1 |a Bratislava  |c 2009 
300 |a 37 s. 
100 1 |a Czibor, Attila 
700 1 |a Hanák, Róbert, 1979- 
710 2 |a Fakulta podnikového manažmentu EU. Katedra informačného manažmentu